00275nam a2200109Ia 4500008004100000041000800041082001600049100001700065245005400082260002100136300000800157240624s9999 xx 000 0 und d aeng a025.431 DEW aDEWEY MELVIL aDEWEY DECIMAL CLASSIFICATION AND RELATIVE INDEX R c2003aOhiobOCLC a928